[Event "ABC 2024 Utrecht, Groep A"]
[Site "Utrecht"]
[Date "2024.03.10"]
[Round "6.1"]
[White "Van Hesselingen, Guido"]
[Black "Blom, Rens"]
[Result "0-1"]
[WhiteElo "2023"]
[BlackElo "1921"]

1. e4 {[%clk 00:55:16]} {[%emt 00:00:03]} d6 {[%clk 00:55:16]} {[%emt
00:00:04]} 2. d4 {[%clk 00:55:21]} {[%emt 00:00:05]} Nf6 {[%clk 00:55:22]}
{[%emt 00:00:04]} 3. Nc3 {[%clk 00:55:27]} {[%emt 00:00:04]} g6 {[%clk
00:55:30]} {[%emt 00:00:03]} 4. Be3 {[%clk 00:55:17]} {[%emt 00:00:19]} Bg7
{[%clk 00:55:36]} {[%emt 00:00:04]} 5. Qd2 {[%clk 00:54:15]} {[%emt 00:01:13]}
O-O {[%clk 00:55:40]} {[%emt 00:00:06]} 6. O-O-O {[%clk 00:52:59]} {[%emt
00:01:25]} c6 {[%clk 00:55:47]} {[%emt 00:00:03]} 7. f3 {[%clk 00:51:41]}
{[%emt 00:01:28]} b5 {[%clk 00:55:52]} {[%emt 00:00:06]} 8. h4 {[%clk
00:51:16]} {[%emt 00:00:35]} Qa5 {[%clk 00:53:58]} {[%emt 00:02:03]} 9. Kb1
{[%clk 00:49:23]} {[%emt 00:02:03]} Be6 {[%clk 00:51:47]} {[%emt 00:02:21]} 10.
d5 {[%clk 00:48:27]} {[%emt 00:01:06]} Bd7 {[%clk 00:50:54]} {[%emt 00:01:03]}
11. h5 {[%clk 00:38:36]} {[%emt 00:10:02]} b4 {[%clk 00:36:47]} {[%emt
00:14:17]} 12. Nce2 {[%clk 00:37:44]} {[%emt 00:01:01]} cxd5 {[%clk 00:36:15]}
{[%emt 00:00:43]} 13. exd5 {[%clk 00:30:59]} {[%emt 00:06:54]} Na6 {[%clk
00:35:11]} {[%emt 00:01:15]} 14. hxg6 {[%clk 00:29:33]} {[%emt 00:01:35]} fxg6
{[%clk 00:35:14]} {[%emt 00:00:08]} 15. Nc1 {[%clk 00:25:00]} {[%emt 00:04:43]}
Nc5 {[%clk 00:32:25]} {[%emt 00:02:59]} 16. Nb3 {[%clk 00:19:44]} {[%emt
00:05:26]} Nxb3 {[%clk 00:32:04]} {[%emt 00:00:31]} 17. axb3 {[%clk 00:19:19]}
{[%emt 00:00:34]} Rac8 {[%clk 00:23:22]} {[%emt 00:08:53]} 18. Bh6 {[%clk
00:16:17]} {[%emt 00:03:11]} Qc5 {[%clk 00:18:59]} {[%emt 00:04:33]} 19. Bd3
{[%clk 00:14:49]} {[%emt 00:01:38]} a5 {[%clk 00:16:35]} {[%emt 00:02:35]} 20.
g4 {[%clk 00:14:04]} {[%emt 00:00:55]} a4 {[%clk 00:15:32]} {[%emt 00:01:13]}
21. Bxg7 {[%clk 00:11:33]} {[%emt 00:02:41]} Kxg7 {[%clk 00:15:26]} {[%emt
00:00:16]} 22. Bc4 {[%clk 00:10:20]} {[%emt 00:01:22]} axb3 {[%clk 00:13:41]}
{[%emt 00:01:56]} 23. Bxb3 {[%clk 00:10:17]} {[%emt 00:00:13]} Ra8 {[%clk
00:11:56]} {[%emt 00:01:54]} 24. g5 {[%clk 00:09:13]} {[%emt 00:01:13]} Qa7
{[%clk 00:08:01]} {[%emt 00:04:06]} 25. gxf6+ {[%clk 00:04:39]} {[%emt
00:04:44]} Kg8 {[%clk 00:07:45]} {[%emt 00:00:27]} 26. c4 {[%clk 00:03:50]}
{[%emt 00:00:59]} Bf5+ {[%clk 00:07:43]} {[%emt 00:00:12]} 27. Qd3 {[%clk
00:03:55]} {[%emt 00:00:04]} Bxd3+ {[%clk 00:07:31]} {[%emt 00:00:23]} 28. Rxd3
{[%clk 00:04:04]} Rxf6 {[%clk 00:07:15]} {[%emt 00:00:27]} 29. Kc2 {[%clk
00:03:41]} {[%emt 00:00:32]} Raf8 {[%clk 00:06:05]} {[%emt 00:01:20]} 30. Rd2
{[%clk 00:02:08]} {[%emt 00:01:43]} Kg7 {[%clk 00:04:56]} {[%emt 00:01:20]} 31.
Rdh2 {[%clk 00:01:57]} {[%emt 00:00:20]} h5 {[%clk 00:04:52]} {[%emt 00:00:15]}
32. Rg2 {[%clk 00:01:40]} {[%emt 00:00:26]} Rf4 {[%clk 00:03:23]} {[%emt
00:01:40]} 33. Rxh5 {[%clk 00:01:05]} {[%emt 00:00:45]} R8f5 {[%clk 00:02:42]}
{[%emt 00:00:50]} 34. Rh3 {[%clk 00:00:48]} {[%emt 00:00:27]} Qa1 {[%clk
00:02:00]} {[%emt 00:00:52]} 35. Rhg3 {[%clk 00:00:42]} {[%emt 00:00:15]} Rf6
{[%clk 00:01:57]} {[%emt 00:00:14]} 36. Re2 {[%clk 00:00:31]} {[%emt 00:00:21]}
Rd4 {[%clk 00:01:23]} {[%emt 00:00:44]} 37. Rd2 {[%clk 00:00:16]} {[%emt
00:00:25]} Rxd2+ {[%clk 00:01:29]} {[%emt 00:00:04]} 38. Kxd2 {[%clk 00:00:25]}
{[%emt 00:00:01]} Qxb2+ {[%clk 00:01:37]} {[%emt 00:00:02]} 39. Bc2 {[%clk
00:00:35]} {[%emt 00:00:01]} b3 {[%clk 00:01:44]} {[%emt 00:00:02]} 40. Kd3
{[%emt 00:00:05]} 0-1

[Event "ABC 2024 Utrecht, Groep A"]
[Site "Utrecht"]
[Date "2024.03.10"]
[Round "6.2"]
[White "Smeets, Kobe"]
[Black "Khatniuk, Anastasiia"]
[Result "1-0"]
[WhiteElo "2244"]
[BlackElo "1980"]

1. e4 {[%clk 00:55:18]} {[%emt 00:00:01]} c5 {[%clk 00:55:16]} {[%emt
00:00:05]} 2. Nf3 {[%clk 00:55:23]} {[%emt 00:00:04]} e6 {[%clk 00:55:22]}
{[%emt 00:00:05]} 3. d4 {[%clk 00:55:31]} {[%emt 00:00:02]} cxd4 {[%clk
00:55:28]} {[%emt 00:00:04]} 4. Nxd4 {[%clk 00:55:37]} {[%emt 00:00:03]} a6
{[%clk 00:55:33]} {[%emt 00:00:05]} 5. Bd3 {[%clk 00:55:42]} {[%emt 00:00:05]}
Bc5 {[%clk 00:55:38]} {[%emt 00:00:05]} 6. Nb3 {[%clk 00:55:47]} {[%emt
00:00:05]} Ba7 {[%clk 00:55:42]} {[%emt 00:00:06]} 7. c4 {[%clk 00:55:29]}
{[%emt 00:00:28]} Nc6 {[%clk 00:55:13]} {[%emt 00:00:40]} 8. O-O {[%clk
00:55:13]} {[%emt 00:00:25]} Nf6 {[%clk 00:54:50]} {[%emt 00:00:33]} 9. Nc3
{[%clk 00:53:57]} {[%emt 00:01:26]} O-O {[%clk 00:53:15]} {[%emt 00:01:45]} 10.
Bg5 {[%clk 00:52:55]} {[%emt 00:01:12]} h6 {[%clk 00:52:42]} {[%emt 00:00:44]}
11. Bh4 {[%clk 00:52:17]} {[%emt 00:00:47]} Ne5 {[%clk 00:52:06]} {[%emt
00:00:46]} 12. Be2 {[%clk 00:51:54]} {[%emt 00:00:33]} Qe7 {[%clk 00:48:52]}
{[%emt 00:03:24]} 13. Qd2 {[%clk 00:47:20]} {[%emt 00:04:44]} Ng6 {[%clk
00:42:46]} {[%emt 00:06:17]} 14. Bg3 {[%clk 00:47:15]} {[%emt 00:00:15]} e5
{[%clk 00:42:48]} {[%emt 00:00:08]} 15. Rfd1 {[%clk 00:46:00]} {[%emt
00:01:24]} Rd8 {[%clk 00:42:35]} {[%emt 00:00:23]} 16. Rac1 {[%clk 00:43:28]}
{[%emt 00:02:40]} b5 {[%clk 00:37:19]} {[%emt 00:05:29]} 17. cxb5 {[%clk
00:41:07]} {[%emt 00:02:31]} axb5 {[%clk 00:37:23]} {[%emt 00:00:06]} 18. Bxb5
{[%clk 00:34:41]} {[%emt 00:06:36]} Bb7 {[%clk 00:33:48]} {[%emt 00:03:44]} 19.
Qe2 {[%clk 00:32:06]} {[%emt 00:02:46]} d5 {[%clk 00:24:57]} {[%emt 00:09:01]}
20. exd5 {[%clk 00:32:00]} {[%emt 00:00:15]} Nxd5 {[%clk 00:24:54]} {[%emt
00:00:13]} 21. Nxd5 {[%clk 00:31:57]} {[%emt 00:00:14]} Rxd5 {[%clk 00:23:36]}
{[%emt 00:01:28]} 22. Bc4 {[%clk 00:23:30]} {[%emt 00:08:37]} Rxd1+ {[%clk
00:20:19]} {[%emt 00:03:27]} 23. Rxd1 {[%clk 00:23:38]} {[%emt 00:00:02]} Rd8
{[%clk 00:20:04]} {[%emt 00:00:25]} 24. Rxd8+ {[%clk 00:19:05]} Qxd8 {[%clk
00:20:09]} {[%emt 00:04:48]} 25. Qd3 {[%clk 00:15:58]} {[%emt 00:03:17]} Qc8
{[%clk 00:16:07]} {[%emt 00:04:12]} 26. Na5 {[%clk 00:11:51]} {[%emt 00:04:17]}
Nf4 {[%clk 00:07:32]} {[%emt 00:08:46]} 27. Bxf4 {[%clk 00:11:52]} {[%emt
00:00:08]} exf4 {[%clk 00:07:37]} {[%emt 00:00:04]} 28. Nxb7 {[%clk 00:11:46]}
{[%emt 00:00:17]} Qxb7 {[%clk 00:07:43]} {[%emt 00:00:04]} 29. Qf5 {[%clk
00:10:14]} {[%emt 00:01:41]} Qe7 {[%emt 00:04:03]} 30. Qxf4 {[%clk 00:09:07]}
Qe1+ {[%clk 00:04:57]} {[%emt 00:00:20]} 31. Bf1 {[%clk 00:09:12]} {[%emt
00:00:05]} Qb1 {[%clk 00:04:58]} {[%emt 00:00:08]} 32. Qa4 {[%clk 00:07:52]}
{[%emt 00:01:30]} Bc5 {[%clk 00:04:17]} {[%emt 00:00:52]} 33. Qb5 {[%clk
00:05:00]} {[%emt 00:03:02]} Bd4 {[%clk 00:02:41]} {[%emt 00:01:47]} 34. Qe8+
{[%clk 00:05:02]} {[%emt 00:00:07]} Kh7 {[%clk 00:02:49]} {[%emt 00:00:02]} 35.
b3 {[%clk 00:04:01]} {[%emt 00:01:11]} f5 {[%clk 00:02:24]} {[%emt 00:00:35]}
36. Qe2 {[%clk 00:03:57]} {[%emt 00:00:14]} Bb2 {[%clk 00:02:15]} {[%emt
00:00:19]} 37. a4 {[%clk 00:03:48]} {[%emt 00:00:19]} Bd4 {[%emt 00:00:26]} 38.
Qd3 {[%clk 00:03:40]} Qb2 {[%clk 00:02:00]} {[%emt 00:00:26]} 39. Qxf5+ {[%clk
00:03:46]} {[%emt 00:00:05]} 1-0

[Event "ABC 2024 Utrecht, Groep A"]
[Site "Utrecht"]
[Date "2024.03.10"]
[Round "6.3"]
[White "Aarts, Joaquin"]
[Black "Zhu, Chenwu"]
[Result "0-1"]
[WhiteElo "1892"]
[BlackElo "2042"]

1. d4 {[%clk 00:55:18]} {[%emt 00:00:02]} d5 {[%clk 00:55:16]} {[%emt
00:00:04]} 2. c4 {[%clk 00:55:25]} {[%emt 00:00:03]} e6 {[%clk 00:55:22]}
{[%emt 00:00:04]} 3. Nc3 {[%clk 00:55:33]} {[%emt 00:00:02]} Nf6 {[%clk
00:55:28]} {[%emt 00:00:04]} 4. cxd5 {[%clk 00:55:40]} {[%emt 00:00:03]} exd5
{[%clk 00:55:34]} {[%emt 00:00:05]} 5. Bg5 {[%clk 00:55:45]} {[%emt 00:00:05]}
c6 {[%clk 00:55:37]} {[%emt 00:00:07]} 6. e3 {[%clk 00:55:52]} {[%emt
00:00:03]} Be7 {[%clk 00:55:18]} {[%emt 00:00:28]} 7. Bd3 {[%clk 00:55:58]}
{[%emt 00:00:04]} O-O {[%clk 00:55:17]} {[%emt 00:00:11]} 8. Nge2 {[%clk
00:56:03]} {[%emt 00:00:05]} h6 {[%clk 00:54:06]} {[%emt 00:01:22]} 9. Bh4
{[%clk 00:56:09]} {[%emt 00:00:03]} Nbd7 {[%clk 00:53:36]} {[%emt 00:00:41]} 10.
O-O {[%clk 00:56:04]} {[%emt 00:00:14]} Ne4 {[%clk 00:53:26]} {[%emt 00:00:20]}
11. Bxe7 {[%clk 00:55:43]} {[%emt 00:00:31]} Qxe7 {[%clk 00:53:03]} {[%emt
00:00:32]} 12. Qc2 {[%clk 00:48:30]} {[%emt 00:07:24]} Ndf6 {[%clk 00:47:57]}
{[%emt 00:05:16]} 13. Kh1 {[%clk 00:42:05]} {[%emt 00:06:34]} Bf5 {[%clk
00:39:52]} {[%emt 00:08:16]} 14. f3 {[%clk 00:40:47]} {[%emt 00:01:28]} Nxc3
{[%clk 00:39:27]} {[%emt 00:00:35]} 15. Bxf5 {[%clk 00:40:12]} {[%emt
00:00:45]} Nb5 {[%clk 00:37:08]} {[%emt 00:02:29]} 16. Nc3 {[%clk 00:27:25]}
{[%emt 00:12:56]} Qe5 {[%emt 00:02:19]} 17. e4 Qxe4 {[%clk 00:34:59]} 18. Nxb5
{[%clk 00:27:19]} {[%emt 00:00:17]} Qe3 {[%clk 00:35:07]} 19. Qc5 {[%clk
00:25:54]} cxb5 {[%clk 00:32:36]} 20. Bh3 {[%clk 00:24:50]} {[%emt 00:03:56]}
Qf4 {[%clk 00:30:49]} 21. Qc4 {[%emt 00:07:54]} a6 22. Qc3 {[%clk 00:19:02]}
Rfe8 {[%clk 00:28:19]} {[%emt 00:02:41]} 23. Rae1 {[%clk 00:17:46]} {[%emt
00:01:26]} Qd6 {[%clk 00:27:07]} {[%emt 00:01:21]} 24. Re5 {[%clk 00:15:40]}
{[%emt 00:02:17]} Nd7 {[%clk 00:23:18]} {[%emt 00:03:58]} 25. Bxd7 {[%clk
00:15:02]} {[%emt 00:00:48]} Qxd7 {[%clk 00:23:19]} {[%emt 00:00:10]} 26. f4
{[%clk 00:13:44]} {[%emt 00:01:27]} f6 {[%clk 00:22:22]} {[%emt 00:01:08]} 27.
Rh5 {[%clk 00:10:52]} {[%emt 00:02:57]} Qf7 {[%clk 00:19:18]} {[%emt 00:03:19]}
28. g4 {[%clk 00:06:47]} {[%emt 00:04:16]} Rac8 {[%clk 00:17:17]} {[%emt
00:02:11]} 29. Qh3 {[%clk 00:06:31]} {[%emt 00:00:25]} Rc2 {[%clk 00:14:05]}
{[%emt 00:03:15]} 30. g5 {[%clk 00:01:36]} {[%emt 00:05:12]} Re3 {[%clk
00:09:47]} {[%emt 00:04:27]} 31. Qxe3 {[%clk 00:00:16]} {[%emt 00:01:30]} Qxh5
{[%clk 00:09:46]} {[%emt 00:00:11]} 32. Qg3 {[%clk 00:00:18]} {[%emt 00:00:09]}
hxg5 {[%clk 00:07:16]} {[%emt 00:02:40]} 33. f5 {[%clk 00:00:15]} {[%emt
00:00:13]} Qh4 {[%clk 00:06:46]} {[%emt 00:00:41]} 34. Qb8+ {[%clk 00:00:19]}
{[%emt 00:00:05]} Kh7 {[%clk 00:06:49]} {[%emt 00:00:06]} 35. Re1 {[%clk
00:00:16]} {[%emt 00:00:13]} Qxe1# {[%clk 00:06:44]} {[%emt 00:00:04]} 0-1

[Event "ABC 2024 Utrecht, Groep A"]
[Site "Utrecht"]
[Date "2024.03.10"]
[Round "6.4"]
[White "Madularea, David"]
[Black "Knol, Daniel"]
[Result "1-0"]
[WhiteElo "2035"]
[BlackElo "1957"]

1. e4 {[%clk 00:55:05]} {[%emt 00:00:13]} c5 {[%clk 00:55:16]} {[%emt
00:00:04]} 2. Nf3 {[%clk 00:55:12]} {[%emt 00:00:04]} e6 {[%clk 00:55:22]}
{[%emt 00:00:05]} 3. d4 {[%clk 00:55:18]} {[%emt 00:00:03]} cxd4 {[%clk
00:55:28]} {[%emt 00:00:04]} 4. Nxd4 {[%clk 00:55:24]} {[%emt 00:00:04]} Nf6
{[%clk 00:55:32]} {[%emt 00:00:06]} 5. Nc3 {[%clk 00:55:31]} {[%emt 00:00:03]}
Nc6 {[%clk 00:55:37]} {[%emt 00:00:05]} 6. Nxc6 {[%clk 00:55:04]} {[%emt
00:00:37]} bxc6 {[%clk 00:55:45]} {[%emt 00:00:01]} 7. e5 {[%clk 00:55:09]}
{[%emt 00:00:06]} Nd5 {[%clk 00:55:49]} {[%emt 00:00:05]} 8. Ne4 {[%clk
00:55:17]} {[%emt 00:00:03]} Qc7 {[%clk 00:55:55]} {[%emt 00:00:05]} 9. f4
{[%clk 00:55:23]} {[%emt 00:00:03]} Qb6 {[%clk 00:56:02]} {[%emt 00:00:04]} 10.
a3 {[%clk 00:55:27]} {[%emt 00:00:05]} Ne3 {[%clk 00:51:22]} {[%emt 00:04:50]}
11. Qd3 {[%clk 00:55:14]} {[%emt 00:00:23]} Nxf1 {[%clk 00:51:20]} {[%emt
00:00:12]} 12. Rxf1 {[%clk 00:55:18]} {[%emt 00:00:05]} c5 {[%clk 00:47:27]}
{[%emt 00:04:04]} 13. b3 {[%clk 00:43:26]} {[%emt 00:12:02]} Ba6 {[%clk
00:46:20]} {[%emt 00:01:17]} 14. c4 {[%clk 00:43:23]} {[%emt 00:00:12]} Bb7
{[%clk 00:46:14]} {[%emt 00:00:17]} 15. Be3 {[%clk 00:35:06]} {[%emt 00:08:27]}
Qc6 {[%clk 00:42:21]} {[%emt 00:04:03]} 16. Nd6+ {[%clk 00:30:56]} {[%emt
00:04:20]} Bxd6 {[%clk 00:42:21]} {[%emt 00:00:10]} 17. Qxd6 {[%clk 00:31:01]}
{[%emt 00:00:05]} Qxd6 {[%clk 00:41:36]} {[%emt 00:00:55]} 18. exd6 {[%clk
00:31:06]} {[%emt 00:00:04]} Rc8 {[%clk 00:41:18]} {[%emt 00:00:29]} 19. O-O-O
{[%clk 00:28:47]} {[%emt 00:02:27]} O-O {[%clk 00:25:49]} {[%emt 00:15:41]} 20.
g4 {[%clk 00:23:13]} {[%emt 00:05:44]} f6 {[%clk 00:20:26]} {[%emt 00:05:33]}
21. g5 {[%clk 00:20:08]} {[%emt 00:03:15]} fxg5 {[%clk 00:14:56]} {[%emt
00:05:40]} 22. fxg5 {[%clk 00:20:10]} {[%emt 00:00:08]} Bf3 {[%clk 00:14:35]}
{[%emt 00:00:30]} 23. Rd2 {[%clk 00:19:50]} {[%emt 00:00:29]} Be4 {[%clk
00:12:09]} {[%emt 00:02:37]} 24. Rxf8+ {[%clk 00:15:53]} {[%emt 00:04:08]} Kxf8
{[%clk 00:12:18]} 25. Kb2 {[%clk 00:14:26]} {[%emt 00:01:36]} Kf7 {[%clk
00:12:20]} {[%emt 00:00:09]} 26. Kc3 {[%clk 00:14:20]} {[%emt 00:00:15]} a5
{[%clk 00:11:58]} {[%emt 00:00:33]} 27. Bxc5 {[%clk 00:13:17]} {[%emt
00:01:12]} Rxc5 {[%clk 00:11:54]} {[%emt 00:00:15]} 28. Kd4 {[%clk 00:13:23]}
{[%emt 00:00:04]} Rxg5 {[%clk 00:11:40]} {[%emt 00:00:24]} 29. Kxe4 {[%clk
00:13:28]} {[%emt 00:00:04]} Rh5 {[%clk 00:11:15]} {[%emt 00:00:35]} 30. Kd4
{[%clk 00:09:15]} {[%emt 00:04:23]} Rh3 {[%clk 00:10:26]} {[%emt 00:00:59]} 31.
b4 {[%clk 00:08:05]} {[%emt 00:01:20]} Rxa3 {[%clk 00:10:07]} {[%emt 00:00:30]}
32. b5 {[%clk 00:08:12]} {[%emt 00:00:03]} Rb3 {[%clk 00:09:58]} {[%emt
00:00:19]} 33. Ra2 {[%clk 00:07:31]} {[%emt 00:00:50]} Kf6 {[%clk 00:09:39]}
{[%emt 00:00:30]} 34. Rxa5 {[%clk 00:07:11]} {[%emt 00:00:30]} e5+ {[%clk
00:09:43]} {[%emt 00:00:06]} 35. Kc5 {[%clk 00:07:00]} {[%emt 00:00:20]} e4
{[%clk 00:09:42]} {[%emt 00:00:11]} 36. Ra8 {[%clk 00:06:36]} {[%emt 00:00:33]}
e3 {[%clk 00:09:05]} {[%emt 00:00:48]} 37. Re8 {[%clk 00:06:22]} {[%emt
00:00:24]} Kf5 {[%clk 00:09:11]} {[%emt 00:00:04]} 38. Re7 {[%clk 00:05:53]}
{[%emt 00:00:40]} Kf4 {[%clk 00:09:12]} {[%emt 00:00:09]} 39. Rxd7 {[%clk
00:05:56]} {[%emt 00:00:07]} e2 {[%clk 00:09:18]} {[%emt 00:00:04]} 40. Re7
{[%clk 00:06:03]} {[%emt 00:00:03]} Re3 {[%clk 00:09:22]} {[%emt 00:00:05]} 41.
Rxe3 {[%clk 00:06:06]} {[%emt 00:00:07]} Kxe3 {[%clk 00:09:29]} {[%emt
00:00:04]} 42. d7 {[%clk 00:06:10]} {[%emt 00:00:05]} e1=Q {[%clk 00:09:32]}
{[%emt 00:00:07]} 43. d8=Q {[%clk 00:06:17]} {[%emt 00:00:05]} Qa1 {[%clk
00:07:41]} {[%emt 00:02:00]} 44. Qg5+ {[%clk 00:05:25]} {[%emt 00:01:01]} Kf3
{[%clk 00:04:53]} {[%emt 00:02:59]} 45. Qd5+ {[%clk 00:04:56]} {[%emt
00:00:39]} Ke2 {[%clk 00:04:56]} {[%emt 00:00:07]} 46. Qe4+ {[%clk 00:04:56]}
{[%emt 00:00:09]} Kf1 {[%clk 00:05:04]} {[%emt 00:00:02]} 47. Qh1+ {[%clk
00:05:05]} {[%emt 00:00:02]} 1-0

[Event "ABC 2024 Utrecht, Groep A"]
[Site "Utrecht"]
[Date "2024.03.10"]
[Round "6.5"]
[White "Kleibeuker, Mika"]
[Black "Van Arendonk, Polle"]
[Result "0-1"]
[WhiteElo "1926"]
[BlackElo "1930"]

1. e4 {[%clk 00:55:09]} {[%emt 00:00:11]} e6 {[%clk 00:55:16]} {[%emt
00:00:05]} 2. d4 {[%clk 00:55:11]} {[%emt 00:00:07]} d5 {[%clk 00:55:23]}
{[%emt 00:00:03]} 3. Nd2 {[%clk 00:55:18]} {[%emt 00:00:03]} dxe4 {[%clk
00:55:30]} {[%emt 00:00:03]} 4. Nxe4 {[%clk 00:55:23]} {[%emt 00:00:05]} Nd7
{[%clk 00:55:37]} {[%emt 00:00:03]} 5. Nf3 {[%clk 00:55:12]} {[%emt 00:00:21]}
Ngf6 {[%clk 00:55:42]} {[%emt 00:00:05]} 6. Nxf6+ {[%clk 00:55:17]} {[%emt
00:00:05]} Nxf6 {[%clk 00:55:47]} {[%emt 00:00:05]} 7. Bd3 {[%clk 00:55:20]}
{[%emt 00:00:06]} c5 {[%clk 00:55:34]} {[%emt 00:00:23]} 8. Be3 {[%clk
00:55:07]} {[%emt 00:00:24]} Qc7 {[%clk 00:55:37]} {[%emt 00:00:08]} 9. Qe2
{[%clk 00:54:55]} {[%emt 00:00:20]} Bd7 {[%clk 00:54:56]} {[%emt 00:00:51]} 10.
O-O-O {[%clk 00:54:55]} {[%emt 00:00:11]} Rc8 {[%clk 00:53:49]} {[%emt
00:01:18]} 11. Kb1 {[%clk 00:53:28]} {[%emt 00:01:36]} c4 {[%clk 00:52:53]}
{[%emt 00:01:05]} 12. Bf5 {[%clk 00:51:06]} {[%emt 00:02:32]} Be7 {[%clk
00:43:02]} {[%emt 00:10:01]} 13. Bh3 {[%clk 00:49:37]} {[%emt 00:01:39]} c3
{[%clk 00:40:12]} {[%emt 00:03:01]} 14. b3 {[%clk 00:46:17]} {[%emt 00:03:29]}
Nd5 {[%clk 00:36:50]} {[%emt 00:03:32]} 15. Ne5 {[%clk 00:38:17]} {[%emt
00:08:10]} O-O {[%clk 00:29:54]} {[%emt 00:07:06]} 16. g3 {[%clk 00:29:45]}
{[%emt 00:08:42]} Rfd8 {[%clk 00:22:29]} {[%emt 00:07:35]} 17. Bg2 {[%clk
00:28:40]} {[%emt 00:01:14]} Bc6 {[%clk 00:19:45]} {[%emt 00:02:55]} 18. Bxd5
{[%clk 00:24:08]} {[%emt 00:04:42]} Rxd5 {[%clk 00:18:54]} {[%emt 00:01:01]} 19.
Nxc6 {[%clk 00:22:48]} {[%emt 00:01:30]} Qxc6 {[%clk 00:18:56]} {[%emt
00:00:08]} 20. Bc1 {[%clk 00:20:41]} {[%emt 00:02:17]} Rcd8 {[%clk 00:16:48]}
{[%emt 00:02:18]} 21. Qe4 {[%clk 00:15:39]} {[%emt 00:05:11]} Qb6 {[%clk
00:16:16]} {[%emt 00:00:43]} 22. Be3 {[%clk 00:13:09]} {[%emt 00:02:40]} Ba3
{[%clk 00:14:15]} {[%emt 00:02:11]} 23. f4 {[%clk 00:09:36]} {[%emt 00:03:42]}
Bb2 {[%clk 00:12:56]} {[%emt 00:01:30]} 24. Qd3 {[%clk 00:07:52]} {[%emt
00:01:54]} Rc8 {[%clk 00:11:17]} {[%emt 00:01:49]} 25. Rhe1 {[%clk 00:06:13]}
{[%emt 00:01:49]} Ra5 {[%clk 00:10:25]} {[%emt 00:01:03]} 26. d5 {[%clk
00:05:34]} {[%emt 00:00:48]} Rxa2 {[%clk 00:10:27]} {[%emt 00:00:08]} 27. Qxc3
{[%clk 00:05:14]} {[%emt 00:00:30]} Bxc3 {[%clk 00:10:21]} {[%emt 00:00:16]}
0-1

[Event "ABC 2024 Utrecht, Groep A"]
[Site "Utrecht"]
[Date "2024.03.10"]
[Round "6.6"]
[White "Imanol, Leorato"]
[Black "Veerman, Rien"]
[Result "1-0"]
[WhiteElo "1892"]
[BlackElo "1870"]

1. e4 {[%clk 00:54:58]} {[%emt 00:00:22]} e5 {[%clk 00:54:43]} {[%emt
00:00:37]} 2. Nf3 {[%clk 00:54:37]} {[%emt 00:00:29]} Nf6 {[%clk 00:54:49]}
{[%emt 00:00:07]} 3. d4 {[%clk 00:54:34]} {[%emt 00:00:12]} Nxe4 {[%clk
00:54:42]} {[%emt 00:00:18]} 4. Bd3 {[%clk 00:54:31]} {[%emt 00:00:12]} d5
{[%clk 00:54:39]} {[%emt 00:00:12]} 5. Nxe5 {[%clk 00:54:30]} {[%emt 00:00:11]}
Nd7 {[%clk 00:54:12]} {[%emt 00:00:39]} 6. Nc3 {[%clk 00:54:24]} {[%emt
00:00:16]} Nxe5 {[%clk 00:52:41]} {[%emt 00:01:40]} 7. dxe5 {[%clk 00:51:56]}
{[%emt 00:02:38]} Nxc3 {[%clk 00:52:40]} {[%emt 00:00:11]} 8. bxc3 {[%clk
00:52:00]} {[%emt 00:00:06]} Bc5 {[%clk 00:49:21]} {[%emt 00:03:29]} 9. O-O
{[%clk 00:50:44]} {[%emt 00:01:25]} Be6 {[%clk 00:46:13]} {[%emt 00:03:18]} 10.
Rb1 {[%clk 00:48:58]} {[%emt 00:01:57]} Bb6 {[%clk 00:39:04]} {[%emt 00:07:20]}
11. Qh5 {[%clk 00:45:32]} {[%emt 00:03:35]} h6 {[%clk 00:36:20]} {[%emt
00:02:55]} 12. Kh1 {[%clk 00:43:55]} {[%emt 00:01:46]} Qe7 {[%clk 00:35:13]}
{[%emt 00:01:17]} 13. f4 {[%clk 00:42:40]} {[%emt 00:01:25]} g6 {[%clk
00:32:10]} {[%emt 00:03:12]} 14. Qe2 {[%clk 00:40:47]} {[%emt 00:02:04]} Qd7
{[%clk 00:30:34]} {[%emt 00:01:46]} 15. Ba3 {[%clk 00:32:57]} {[%emt 00:08:01]}
a6 {[%clk 00:27:58]} {[%emt 00:02:46]} 16. c4 {[%clk 00:29:39]} {[%emt
00:03:28]} dxc4 {[%clk 00:22:52]} {[%emt 00:05:16]} 17. Bxc4 {[%clk 00:29:27]}
{[%emt 00:00:22]} O-O-O {[%clk 00:20:06]} {[%emt 00:02:55]} 18. Bxe6 {[%clk
00:26:40]} {[%emt 00:02:57]} Qxe6 {[%clk 00:19:07]} {[%emt 00:01:09]} 19. c4
{[%clk 00:25:00]} {[%emt 00:01:50]} Qc6 {[%clk 00:14:54]} {[%emt 00:04:23]} 20.
f5 {[%clk 00:12:59]} {[%emt 00:12:11]} gxf5 {[%clk 00:13:42]} {[%emt 00:01:21]}
21. Rxf5 {[%clk 00:12:08]} {[%emt 00:01:02]} Rd7 {[%clk 00:11:16]} {[%emt
00:02:36]} 22. Qc2 {[%clk 00:09:03]} {[%emt 00:03:15]} Be3 {[%clk 00:08:51]}
{[%emt 00:02:35]} 23. Rf6 {[%clk 00:08:20]} {[%emt 00:00:54]} Rd2 {[%clk
00:05:38]} {[%emt 00:03:23]} 24. Qf5+ {[%clk 00:07:52]} {[%emt 00:00:37]} Qd7
{[%clk 00:05:26]} {[%emt 00:00:23]} 25. Qf3 {[%clk 00:07:36]} {[%emt 00:00:25]}
c6 {[%clk 00:05:00]} {[%emt 00:00:37]} 26. Rxf7 {[%clk 00:04:42]} {[%emt
00:03:04]} Qd3 {[%clk 00:02:37]} {[%emt 00:02:32]} 27. Qg4+ {[%clk 00:03:19]}
{[%emt 00:01:34]} Kb8 {[%clk 00:02:28]} {[%emt 00:00:19]} 28. Rfxb7+ {[%clk
00:02:54]} {[%emt 00:00:35]} Ka8 {[%clk 00:02:35]} {[%emt 00:00:03]} 29. R7b3
{[%clk 00:02:46]} {[%emt 00:00:18]} Qe2 {[%clk 00:00:37]} {[%emt 00:02:08]} 30.
Qf3 {[%clk 00:01:54]} {[%emt 00:01:01]} Qxf3 {[%clk 00:00:33]} {[%emt
00:00:15]} 31. gxf3 {[%clk 00:02:04]} {[%emt 00:00:01]} Rxa2 {[%clk 00:00:39]}
{[%emt 00:00:03]} 32. Rxe3 {[%clk 00:02:06]} {[%emt 00:00:09]} Rg8 {[%clk
00:00:23]} {[%emt 00:00:25]} 33. e6 {[%clk 00:01:14]} {[%emt 00:01:01]} Rgg2
{[%clk 00:00:23]} {[%emt 00:00:10]} 34. e7 {[%clk 00:01:16]} {[%emt 00:00:09]}
Rxh2+ {[%clk 00:00:21]} {[%emt 00:00:12]} 35. Kg1 {[%clk 00:01:25]} Rag2+
{[%clk 00:00:15]} {[%emt 00:00:17]} 36. Kf1 {[%clk 00:01:34]} {[%emt 00:00:01]}
1-0